000 01049cam a2200301 i 4500
999 _c10339
_d10339
001 18789561
003 GBCCL
005 20241126110730.0
008 150921s2016 ilu b 000 0 eng
010 _a 2015036220
020 _a9781496403377 (sc)
040 _aDLC
_beng
_cDLC
_erda
_dDLC
042 _apcc
050 0 0 _aBR115.H56
_bC53 2016
082 0 0 _a248.4
_223
_bCLA
100 1 _aClarkson, Sally.
_917939
245 1 4 _aThe lifegiving home :
_bcreating a place of belonging & becoming /
_cSally & Sarah Clarkson.
264 1 _aCarol Stream, Illinois :
_bTyndale Momentum,
_c[2016]
300 _axx, 249 pages ;
_c23 cm
336 _atext
_btxt
_2rdacontent
337 _aunmediated
_bn
_2rdamedia
338 _avolume
_bnc
_2rdacarrier
504 _aIncludes bibliographical references.
650 0 _aHome
_xReligious aspects
_xChristianity.
_917940
906 _a7
_bcbc
_corignew
_d1
_eecip
_f20
_gy-gencatlg
942 _2ddc
_cBK